Giải tích toán học; T2

Bewaard in:
Bibliografische gegevens
Hoofdauteur: Vũ Tuấn
Formaat: Boek
Taal:Undetermined
Gepubliceerd in: Hà Nội Giáo Dục 1977
Onderwerpen:
Tags: Voeg label toe
Geen labels, Wees de eerste die dit record labelt!
Thư viện lưu trữ: Trung tâm Học liệu Trường Đại học Cần Thơ
LEADER 00570nam a2200193Ia 4500
001 CTU_45678
008 210402s9999 xx 000 0 und d
082 |a 515 
082 |b T502/T2 
100 |a Vũ Tuấn 
245 0 |a Giải tích toán học; T2 
245 0 |c Vũ Tuấn, Ngô Xuân Sơn, Phan Đức Thành 
260 |a Hà Nội 
260 |b Giáo Dục 
260 |c 1977 
526 |a Giải tích hàm một biến 
526 |b SP111 
650 |a mathematical analysis 
980 |a Trung tâm Học liệu Trường Đại học Cần Thơ